000 00372 a2200169 4500
001 73139
020 _a8535702016
040 _cAnchieta - Colégio São Paulo
100 _aBoligian, Andressa Turcatel Alves
240 1 0 _aGeografia
_lpor
245 1 0 _aGeografia
300 _a192
362 0 _a2001
440 1 _aAtual
650 4 _aGeografia e viagens
942 _cBK
999 _c73139
_d73139